| 000 | 01317nam a2200337 a 4500 | ||
|---|---|---|---|
| 001 | ebr10556459 | ||
| 003 | CaPaEBR | ||
| 006 | m u | ||
| 007 | cr cn||||||||| | ||
| 008 | 120509s1979 ne b sb 000 0 eng d | ||
| 020 | _z9027205124 | ||
| 020 | _z9789027205124 | ||
| 020 | _z9789027273550 (e-book) | ||
| 040 |
_aCaPaEBR _cCaPaEBR |
||
| 035 | _a(OCoLC)794493870 | ||
| 050 | 1 | 4 |
_aPL7001 _b.H36 1979eb |
| 245 | 0 | 0 |
_aHandbook of Australian languages _h[electronic resource] / _cedited by R.M.W. Dixon and Barry J. Blake. |
| 260 |
_aAmsterdam : _bJ. Benjamins B.V., _c1979. |
||
| 300 |
_axviii, 390 p. : _bmaps. |
||
| 490 | 1 |
_aHandbook of Australian languages ; _vv. 1 |
|
| 504 | _aIncludes bibliographical references. | ||
| 533 |
_aElectronic reproduction. _bPalo Alto, Calif. : _cebrary, _d2013. _nAvailable via World Wide Web. _nAccess may be limited to ebrary affiliated libraries. |
||
| 650 | 0 | _aAustralian languages. | |
| 650 | 0 |
_aAboriginal Australians _xLanguages. |
|
| 655 | 7 |
_aElectronic books. _2local |
|
| 700 | 1 | _aDixon, Robert M. W. | |
| 700 | 1 | _aBlake, Barry J. | |
| 710 | 2 | _aebrary, Inc. | |
| 830 | 0 |
_aHandbook of Australian languages ; _vv. 1. |
|
| 856 | 4 | 0 |
_uhttp://site.ebrary.com/lib/rucke/Doc?id=10556459 _zAn electronic book accessible through the World Wide Web; click to view |
| 999 |
_c89729 _d89729 |
||